000 00579nam a2200193 a 4500
001 000010446
005 20240412074218.0
008 091007s1916 dr 000 0 spa d
040 _aDO-SdBNP
_bspa
_cBNPHU
082 _aRD861.42
_bJ614p
100 1 _aJimenes, Moreno
_925450
245 1 0 _aPromesa :
_bmis primeras notas /
_cMoreno Jimenes.
260 _aSanto Domingo :
_bJ.R. vda. de García,
_c1916.
300 _a106 p. ;
_c25 cm.
650 0 _aPoesía dominicana
_966
650 0 _aLiteratura dominicana.
_967
910 _aValidado. Control de calidad MFF
049 _aBNPD
999 _c10205
_d10205